The Bhagavadgītā in the Mahābhārata : (Record no. 17719)

MARC details
000 -LEADER
fixed length control field 01134cam a2200301 i 4500
001 - CONTROL NUMBER
control field 2280744
003 - CONTROL NUMBER IDENTIFIER
control field BDDh-ASL
005 - DATE AND TIME OF LATEST TRANSACTION
control field 20231015025629.0
008 - FIXED-LENGTH DATA ELEMENTS--GENERAL INFORMATION
fixed length control field 790416s1981 ilu b 001 0 eng
010 ## - LIBRARY OF CONGRESS CONTROL NUMBER
LC control number 79013021
020 ## - INTERNATIONAL STANDARD BOOK NUMBER
International Standard Book Number 0226846601 :
Terms of availability $12.00
020 ## - INTERNATIONAL STANDARD BOOK NUMBER
International Standard Book Number 0226846628 (pbk.) :
Terms of availability $4.95
040 ## - CATALOGING SOURCE
Original cataloging agency DLC
Transcribing agency DLC
Modifying agency BDDh-ASL
041 0# - LANGUAGE CODE
Language code of text/sound track or separate title engsan
050 00 - LIBRARY OF CONGRESS CALL NUMBER
Classification number BL1130.A4
Item number B84
082 00 - DEWEY DECIMAL CLASSIFICATION NUMBER
Classification number 294.5924
Item number MAH
130 0# - MAIN ENTRY--UNIFORM TITLE
Uniform title Bhagavadgītā.
Language of a work English & Sanskrit.
245 14 - TITLE STATEMENT
Title The Bhagavadgītā in the Mahābhārata :
Remainder of title text and translation /
Statement of responsibility, etc. J. A. B. van Buitenen.
250 ## - EDITION STATEMENT
Edition statement A Bilingual Edition
260 ## - PUBLICATION, DISTRIBUTION, ETC.
Place of publication, distribution, etc. Chicago :
Name of publisher, distributor, etc. University of Chicago Press,
Date of publication, distribution, etc. c1981.
300 ## - PHYSICAL DESCRIPTION
Extent xii, 176 p. ;
Dimensions 24 cm.
504 ## - BIBLIOGRAPHY, ETC. NOTE
Bibliography, etc. note Includes bibliographical references and index.
700 1# - ADDED ENTRY--PERSONAL NAME
Personal name Buitenen, J. A. B. van
Fuller form of name (Johannes Adrianus Bernardus),
Dates associated with a name 1928-1979.
856 42 - ELECTRONIC LOCATION AND ACCESS
Materials specified Publisher description
Uniform Resource Identifier <a href="http://www.loc.gov/catdir/enhancements/fy0642/79013021-d.html">http://www.loc.gov/catdir/enhancements/fy0642/79013021-d.html</a>
856 41 - ELECTRONIC LOCATION AND ACCESS
Materials specified Table of contents only
Uniform Resource Identifier <a href="http://www.loc.gov/catdir/enhancements/fy0642/79013021-t.html">http://www.loc.gov/catdir/enhancements/fy0642/79013021-t.html</a>
906 ## - LOCAL DATA ELEMENT F, LDF (RLIN)
a 7
b cbc
c orignew
d 1
e ocip
f 19
g y-gencatlg
942 ## - ADDED ENTRY ELEMENTS (KOHA)
Source of classification or shelving scheme Dewey Decimal Classification
Koha item type Books
Holdings
Withdrawn status Lost status Source of classification or shelving scheme Damaged status Not for loan Collection code Home library Current library Shelving location Date acquired Source of acquisition Total Checkouts Full call number Barcode Date last seen Copy number Price effective from Koha item type Public note
    Dewey Decimal Classification   Not For Loan Non-fiction Asiatic Society Library Asiatic Society Library Ludden Collection 09/07/2020 Donated by Prof. David Ludden   294.5924 MAH 100838 09/07/2020 C-1 09/07/2020 Books RARE

Powered by Koha